[Event "SVK-chT2B 1920"]
[Site "Slovakia"]
[Date "2019.11.16"]
[Round "3.4"]
[White "Masarik, Drahoslav"]
[Black "Balogh, Peter1"]
[Result "1/2-1/2"]
[WhiteElo "1902"]
[BlackElo "2050"]
[PlyCount "82"]
[EventDate "2019.10.26"]
[EventType "team-tourn"]
[EventRounds "11"]
[EventCountry "SVK"]
[SourceTitle "CBM 193 Extra"]
[Source "ChessBase"]
[SourceDate "2020.01.31"]
[SourceVersion "1"]
[SourceVersionDate "2020.01.31"]
[SourceQuality "1"]
[WhiteTeam "Trencin"]
[BlackTeam "Komarno II"]
[WhiteTeamCountry "SVK"]
[BlackTeamCountry "SVK"]

1. Nf3 Nc6 2. d4 d5 3. c4 Bg4 4. cxd5 Bxf3 5. dxc6 Bxc6 6. Nc3 Nf6 7. f3 e6 8. e4 Bb4 9. Be2 e5 10. d5 Bd7 11. Be3 Qe7 12. 0-0 Bc5 13. Qd2 Nh5 14. Kh1 Bxe3 15. Qxe3 Nf4 16. Nb5 0-0 17. Nxc7 Bh3 18. gxh3 Qxc7 19. Rfc1 Qd7 20. Bf1 f5 21. Qc3 fxe4 22. fxe4 Qd6 23. Qc7 Qg6 24. Qc4 b5 25. Qb4 a5 26. Qe1 Rf6 27. Rc3 Qh5 28. Rac1 Raf8 29. Rg3 Ng6 30. Be2 Qh4 31. Re3 Rf2 32. Bxb5 Qf4 33. Rg3 h5 34. d6 h4 35. Rg2 Rxg2 36. Kxg2 Qf3+ 37. Kg1 Qxh3 38. d7 Qg4+ 39. Kh1 Qf3+ 40. Kg1 Qg4+ 41. Kh1 Qf3+ 1/2-1/2

[Event "SVK-chT2B 1819"]
[Site "Slovakia"]
[Date "2019.03.02"]
[Round "8.6"]
[White "Masarik, Drahoslav"]
[Black "Vanya, Attila"]
[Result "0-1"]
[WhiteElo "1925"]
[BlackElo "1739"]
[PlyCount "88"]
[EventDate "2018.10.13"]
[EventType "team-tourn"]
[EventRounds "11"]
[EventCountry "SVK"]
[SourceTitle "CBM 189 Extra"]
[Source "ChessBase"]
[SourceDate "2019.05.31"]
[SourceVersion "1"]
[SourceVersionDate "2019.05.31"]
[SourceQuality "1"]
[WhiteTeam "Trencin"]
[BlackTeam "Nove Zamky"]
[WhiteTeamCountry "SVK"]
[BlackTeamCountry "SVK"]

1. Nf3 Nf6 2. c4 e6 3. d4 d5 4. Nc3 c5 5. cxd5 cxd4 6. Nxd4 Nxd5 7. Qb3 Nxc3 8. Qxc3 Bd7 9. e4 Nc6 10. Nxc6 Bxc6 11. Bd3 Qb6 12. Be3 Bb4 13. Bxb6 Bxc3+ 14. bxc3 axb6 15. Ke2 b5 16. Rhb1 Ra5 17. Ke3 Ke7 18. Bc2 Rd8 19. Bb3 f5 20. f3 g5 21. g3 Raa8 22. Rd1 Rf8 23. Rf1 f4+ 24. Kd4 Rfd8+ 25. Ke5 Ra5 26. Bxe6 b4+ 27. Bd5 Bxd5 28. exd5 Raxd5+ 29. Ke4 bxc3 30. gxf4 c2 31. Rfc1 Rd1 32. fxg5 R8d2 33. h4 Re2+ 34. Kf5 Ree1 35. Rxc2 Rd5+ 36. Kg4 Rxa1 37. f4 Rd4 38. Rc7+ Rd7 39. Rc2 Rad1 40. h5 Rg1+ 41. Kf5 b5 42. g6 Rd5+ 43. Ke4 Rxh5 44. gxh7 Kd6 0-1

[Event "SVK-chT2B 1718"]
[Site "Slovakia"]
[Date "2018.02.24"]
[Round "8.4"]
[White "Masarik, Drahoslav"]
[Black "Beres, Dominik"]
[Result "1-0"]
[WhiteElo "1902"]
[BlackElo "2129"]
[PlyCount "89"]
[EventDate "2017.10.28"]
[EventType "team-tourn"]
[EventRounds "11"]
[EventCountry "SVK"]
[SourceTitle "EXT 2019"]
[Source "ChessBase"]
[SourceDate "2018.10.10"]
[SourceVersion "1"]
[SourceVersionDate "2018.10.10"]
[SourceQuality "1"]
[WhiteTeam "Trencin"]
[BlackTeam "Tlmace"]
[WhiteTeamCountry "SVK"]
[BlackTeamCountry "SVK"]

1. Nf3 Nf6 2. c4 g6 3. Nc3 Bg7 4. g3 d6 5. d4 Nbd7 6. Bg2 0-0 7. 0-0 c6 8. e4 e5 9. h3 Qc7 10. Be3 Re8 11. Qc2 a5 12. Rfd1 Bf8 13. Rd2 Be7 14. Rad1 Qb8 15. Bf1 Qc7 16. a3 Nf8 17. b4 axb4 18. axb4 Bd7 19. Qb3 Be6 20. d5 cxd5 21. Nxd5 Bxd5 22. exd5 Ne4 23. Rc2 b6 24. Bd3 Nf6 25. Nd2 Reb8 26. Ra2 N6d7 27. Rda1 Rxa2 28. Qxa2 f5 29. Qa7 Rb7 30. Qa8 e4 31. Be2 Bf6 32. Ra4 Kg7 33. Nb3 Ne5 34. Nd4 Kf7 35. Nb5 Qd7 36. Nxd6+ Qxd6 37. Qxb7+ Kg8 38. Qxb6 Qe7 39. Ra7 Ned7 40. Qb7 g5 41. Bc5 Nxc5 42. Qxe7 Bxe7 43. Rxe7 Ng6 44. Ra7 Nd3 45. b5 1-0

[Event "SVK-chT2B 1718"]
[Site "Slovakia"]
[Date "2017.11.26"]
[Round "4.7"]
[White "Bielik, Peter"]
[Black "Masarik, Drahoslav"]
[Result "0-1"]
[WhiteElo "1774"]
[BlackElo "1902"]
[PlyCount "100"]
[EventDate "2017.10.28"]
[EventType "team-tourn"]
[EventRounds "11"]
[EventCountry "SVK"]
[SourceTitle "CBM 181 Extra"]
[Source "ChessBase"]
[SourceDate "2017.12.12"]
[SourceVersion "1"]
[SourceVersionDate "2017.12.12"]
[SourceQuality "1"]
[WhiteTeam "Povazske Podhradie"]
[BlackTeam "Trencin"]
[WhiteTeamCountry "SVK"]
[BlackTeamCountry "SVK"]

1. d4 Nf6 2. c4 e6 3. Nf3 b6 4. g3 Bb7 5. Bg2 Be7 6. 0-0 0-0 7. Nc3 Ne4 8. d5 Nxc3 9. bxc3 Na6 10. e4 exd5 11. cxd5 Nc5 12. Qc2 d6 13. Be3 Bf6 14. Nd4 Re8 15. Rfe1 g6 16. Rad1 Qd7 17. f4 Re7 18. Bf2 Rae8 19. Nc6 Bxc6 20. dxc6 Qe6 21. Bd4 Bg7 22. Bxg7 Kxg7 23. e5 Qf5 24. Qd2 dxe5 25. fxe5 Kg8 26. Rf1 Qxe5 27. Bd5 Kg7 28. Rf4 f5 29. Kh1 Ne4 30. Bxe4 fxe4 31. Qe3 Re6 32. Rd7+ R8e7 33. Qd4 Qxd4 34. cxd4 e3 35. Rf1 Rxd7 36. cxd7 Rd6 37. Re1 Rxd4 38. Rxe3 Rxd7 39. a3 c5 40. Kg2 c4 41. Rc3 b5 42. Kf1 Rd2 43. h4 Rd3 44. Rxd3 cxd3 45. Ke1 Kf6 46. Kd2 Kf5 47. Kxd3 Kg4 48. Kd4 Kxg3 49. Kc5 Kxh4 50. Kxb5 g5 0-1